000 004570000a22001810004500
003 LK-CoMWRAF
005 20231013151345.0
008 230817t ||||| |||| 00| 0 eng d
040 _aLK-CoMWRAF
_dLK-CoMWRAF
_eLK-CoMWRAF
041 _aeng
082 _a297
_bISL
245 _aIslam-our choice
260 _aKarachi :
_bBegam Aisha Bawany Wakf,
_c1970
300 _a165p
650 _aIslam
700 _aBawany, Ebrahim Ahmed
_ecomp.
_eed.
942 _cBK
999 _c1066
_d1066